| 000 | 00814cab a2200241 4500 | ||
|---|---|---|---|
| 001 | WB2941-43 | ||
| 008 | 090401t1993 xxu||||| |||| 00| 0 eng d | ||
| 035 | _a(Sirsi) u62775 | ||
| 041 | _aeng | ||
| 245 | _aTenants` reform group | ||
| 260 | _c1993 | ||
| 350 | _a0 | ||
| 490 |
_aEstates Times _v(1210) 29 October 1993, 7(1) |
||
| 520 | _aThe Property Market Reform Group, the retail-led tenants` pressure group, has stepped up its campaign for lease reform, telling the government it must legislate against upwards-only rent reviews and confidentiality clauses. | ||
| 650 | _aCONFIDENTIALITY CLAUSES | ||
| 650 | _aLEASE REFORM | ||
| 650 | _aLEASES | ||
| 650 | _aREFORM | ||
| 650 | _aUPWARD ONLY RENT REVIEWS | ||
| 690 | _aLANDLORD AND TENANT-BUSINESS TENANCIES | ||
| 942 | _n0 | ||
| 948 | _c04/03/1997 | ||
| 999 |
_c38988 _d38988 |
||